[Event "Speed Chess (Women) Q2"]
[Site "Chess.com INT"]
[Date "2022.05.26"]
[Round "11"]
[White "Chang, Suzana"]
[Black "Sviridova, Vlada"]
[Result "0-1"]
[WhiteElo "2034"]
[BlackElo "2144"]
[PlyCount "74"]
[EventDate "2022.05.26"]
[EventType "swiss (blitz)"]
[EventRounds "14"]
[EventCountry "USA"]
[SourceTitle "CBM 208 Extra"]
[Source "ChessBase"]
[SourceDate "2022.07.31"]
[SourceVersion "1"]
[SourceVersionDate "2022.07.31"]
[SourceQuality "1"]

1. c4 c6 2. Nf3 d5 3. cxd5 cxd5 4. d4 Nc6 5. Nc3 Nf6 6. Bf4 a6 7. e3 Bf5 8. Bd3 Bxd3 9. Qxd3 e6 10. 0-0 Be7 11. Rac1 0-0 12. a3 Nh5 13. Be5 f6 14. Bg3 Nxg3 15. fxg3 f5 16. Ne2 Rc8 17. Nf4 Qd7 18. Rc3 Bf6 19. Rfc1 g6 20. Qc2 Ne7 21. Nd3 Rxc3 22. Qxc3 Rc8 23. Qd2 b6 24. Kf2 a5 25. Rc3 Rc4 26. Nfe5 Qc7 27. Nxc4 dxc4 28. Nf4 Qc6 29. Qc2 b5 30. a4 Bg5 31. axb5 Qxb5 32. Nxe6 Bh6 33. Nf4 Bxf4 34. gxf4 Nd5 35. Rxc4 Nf6 36. Rc3 Ne4+ 37. Kf3 Qf1+ 0-1

[Event "Speed Chess (Women) Q2"]
[Site "Chess.com INT"]
[Date "2022.05.26"]
[Round "13"]
[White "Degrande, Marigje"]
[Black "Sviridova, Vlada"]
[Result "1-0"]
[WhiteElo "1943"]
[BlackElo "2144"]
[PlyCount "91"]
[EventDate "2022.05.26"]
[EventType "swiss (blitz)"]
[EventRounds "14"]
[EventCountry "USA"]
[SourceTitle "CBM 208 Extra"]
[Source "ChessBase"]
[SourceDate "2022.07.31"]
[SourceVersion "1"]
[SourceVersionDate "2022.07.31"]
[SourceQuality "1"]

1. c4 c6 2. e4 d5 3. cxd5 cxd5 4. exd5 Nf6 5. Nc3 Nxd5 6. Bc4 Nb6 7. Bb3 Bf5 8. d4 e6 9. Nf3 Be7 10. 0-0 0-0 11. Qe2 Nc6 12. Rd1 Nb4 13. h3 N4d5 14. Ne5 a6 15. Be3 Rc8 16. Rac1 Nxc3 17. bxc3 Ba3 18. Ra1 Rxc3 19. d5 Nxd5 20. Bxd5 exd5 21. Bd4 Rc2 22. Qf3 Qg5 23. Qxa3 Be4 24. Nf3 Qg6 25. Qe3 f5 26. Qf4 h6 27. Rac1 Rfc8 28. Rxc2 Rxc2 29. Kh2 Qf7 30. Ne5 Qe6 31. f3 g5 32. Qg3 f4 33. Qg4 Bf5 34. Qh5 Re2 35. Rc1 Rxe5 36. Bxe5 Qxe5 37. Qxh6 Be6 38. Qg6+ Kf8 39. Rb1 b5 40. Rc1 d4 41. Rc6 Bf7 42. Qh6+ Ke7 43. Rc8 d3 44. Qf8+ Ke6 45. Rc6+ Kd5 46. Qc5# 1-0

[Event "Speed Chess (Women) Q2"]
[Site "Chess.com INT"]
[Date "2022.05.26"]
[Round "3"]
[White "Pham, Bich Ngoc"]
[Black "Sviridova, Vlada"]
[Result "1-0"]
[WhiteElo "2240"]
[BlackElo "2144"]
[PlyCount "103"]
[EventDate "2022.05.26"]
[EventType "swiss (blitz)"]
[EventRounds "14"]
[EventCountry "USA"]
[SourceTitle "CBM 208 Extra"]
[Source "ChessBase"]
[SourceDate "2022.07.31"]
[SourceVersion "1"]
[SourceVersionDate "2022.07.31"]
[SourceQuality "1"]

1. d4 d5 2. Nf3 Nf6 3. Bf4 c5 4. e3 Nc6 5. c3 e6 6. h3 Bd6 7. Ne5 Qc7 8. Bb5 0-0 9. Bxc6 bxc6 10. 0-0 Nd7 11. Nxd7 Bxd7 12. Bxd6 Qxd6 13. dxc5 Qxc5 14. Nd2 e5 15. Rc1 Qb6 16. Qb3 Bf5 17. c4 Qxb3 18. axb3 d4 19. e4 Be6 20. f4 exf4 21. Rxf4 c5 22. Ra1 Rfb8 23. Ra5 Rc8 24. Rf1 h6 25. Rfa1 Rc7 26. Kf2 f6 27. Ke2 g5 28. g4 h5 29. Ra6 Kf7 30. gxh5 Bxh3 31. Kd3 Kg7 32. h6+ Kxh6 33. Rxf6+ Kg7 34. Rfa6 g4 35. e5 g3 36. Rg1 g2 37. Ne4 Bf5 38. Rxg2+ Kh7 39. Rh2+ Kg7 40. Rg2+ Kh7 41. Rf6 Bxe4+ 42. Kxe4 Rb8 43. Rg3 d3 44. Rxd3 a5 45. Rg3 a4 46. Rf5 Kh8 47. Rh5+ Rh7 48. Rxh7+ Kxh7 49. bxa4 Rxb2 50. Kd5 Re2 51. e6 Kh6 52. a5 1-0

[Event "Speed Chess (Women) Q2"]
[Site "Chess.com INT"]
[Date "2022.05.26"]
[Round "14"]
[White "Sviridova, Vlada"]
[Black "Antonova, Nadezhda"]
[Result "0-1"]
[WhiteElo "2144"]
[BlackElo "1832"]
[PlyCount "120"]
[EventDate "2022.05.26"]
[EventType "swiss (blitz)"]
[EventRounds "14"]
[EventCountry "USA"]
[SourceTitle "CBM 208 Extra"]
[Source "ChessBase"]
[SourceDate "2022.07.31"]
[SourceVersion "1"]
[SourceVersionDate "2022.07.31"]
[SourceQuality "1"]

1. d4 Nf6 2. c4 g6 3. Nc3 Bg7 4. e4 d6 5. Nf3 0-0 6. Be2 e5 7. 0-0 Nc6 8. d5 Ne7 9. Ne1 Nd7 10. Be3 f5 11. f3 f4 12. Bf2 g5 13. Nd3 Rf6 14. c5 Rh6 15. Rc1 a6 16. g4 fxg3 17. Bxg3 Ng6 18. b4 Nf4 19. c6 bxc6 20. dxc6 Nf6 21. Nd5 Be6 22. Nxf6+ Qxf6 23. Qc2 Nh5 24. Rf2 Rf8 25. a4 Qg6 26. Rg2 Bh3 27. Rf2 Kh8 28. b5 axb5 29. axb5 Be6 30. Bf1 g4 31. fxg4 Qxg4 32. Qe2 Rxf2 33. Qxg4 Rxf1+ 34. Rxf1 Bxg4 35. b6 cxb6 36. Nb4 Nxg3 37. hxg3 Be6 38. Nd5 Rg6 39. c7 Rxg3+ 40. Kf2 Rg6 41. Rc1 Bc8 42. Ne7 Rf6+ 43. Ke2 Rf8 44. Rb1 Bh6 45. Rxb6 Bg5 46. Nd5 Kg7 47. Rb8 h5 48. Nb6 Bg4+ 49. Kd3 h4 50. c8Q Bxc8 51. Nxc8 h3 52. Rb7+ Kg6 53. Nxd6 h2 54. Rb1 Rd8 55. Rh1 Rxd6+ 56. Ke2 Bf4 57. Kf3 Kf6 58. Kg4 Rd2 59. Kh5 Rg2 60. Kh4 Rg1 0-1

[Event "Speed Chess (Women) Q2"]
[Site "Chess.com INT"]
[Date "2022.05.26"]
[Round "2"]
[White "Sviridova, Vlada"]
[Black "Kubicka, Anna"]
[Result "1-0"]
[WhiteElo "2144"]
[BlackElo "2245"]
[PlyCount "85"]
[EventDate "2022.05.26"]
[EventType "swiss (blitz)"]
[EventRounds "14"]
[EventCountry "USA"]
[SourceTitle "CBM 208 Extra"]
[Source "ChessBase"]
[SourceDate "2022.07.31"]
[SourceVersion "1"]
[SourceVersionDate "2022.07.31"]
[SourceQuality "1"]

1. d4 Nf6 2. c4 c5 3. d5 e6 4. Nc3 exd5 5. cxd5 d6 6. e4 g6 7. Bd3 Bg7 8. h3 0-0 9. Nf3 Na6 10. 0-0 Nc7 11. a4 b6 12. Bg5 Ba6 13. Bxa6 Nxa6 14. Qd2 Nb4 15. Rfe1 a6 16. Rad1 Qc7 17. Bh6 Nd7 18. Bxg7 Kxg7 19. Qf4 Rae8 20. h4 Ne5 21. Nxe5 Rxe5 22. Qd2 Qd8 23. g3 Qf6 24. Kg2 Rfe8 25. Re3 Qd8 26. Rde1 Qd7 27. R1e2 f5 28. f4 R5e7 29. e5 dxe5 30. fxe5 Qb7 31. Kh2 Rd8 32. d6 Re6 33. b3 Qc6 34. Re1 Rd7 35. Rd1 Qa8 36. Ne2 Qe8 37. Nf4 Rxe5 38. Qc3 Nc6 39. Rde1 Nd4 40. Rxe5 Qa8 41. Re7+ Rxe7 42. dxe7 Kf7 43. e8Q+ 1-0

[Event "Speed Chess (Women) Q2"]
[Site "Chess.com INT"]
[Date "2022.05.26"]
[Round "5"]
[White "Sviridova, Vlada"]
[Black "Pandey, Srishti"]
[Result "0-1"]
[WhiteElo "2144"]
[BlackElo "2123"]
[PlyCount "88"]
[EventDate "2022.05.26"]
[EventType "swiss (blitz)"]
[EventRounds "14"]
[EventCountry "USA"]
[SourceTitle "CBM 208 Extra"]
[Source "ChessBase"]
[SourceDate "2022.07.31"]
[SourceVersion "1"]
[SourceVersionDate "2022.07.31"]
[SourceQuality "1"]

1. d4 d5 2. c4 c6 3. Nf3 Nf6 4. Nc3 e6 5. e3 Nbd7 6. Qc2 Bd6 7. Bd3 dxc4 8. Bxc4 b5 9. Be2 0-0 10. 0-0 Bb7 11. e4 e5 12. dxe5 Nxe5 13. Nh4 Nfd7 14. Nf5 Bc5 15. Bf4 Qf6 16. Bg3 g6 17. Nh6+ Kg7 18. Ng4 Nxg4 19. Bxg4 Ne5 20. Be2 Bd4 21. Rad1 Rfd8 22. a3 a6 23. h3 c5 24. Kh2 b4 25. Na4 b3 26. Qxb3 Bxe4 27. f4 Nc6 28. Bf3 Rab8 29. Qc4 Na5 30. Qe2 Bc6 31. Bxc6 Qxc6 32. Nc3 Qb7 33. f5 Qxb2 34. Qxb2 Rxb2 35. Na4 Ra2 36. fxg6 hxg6 37. Nb6 f6 38. Rfe1 Kf7 39. Bc7 Re8 40. Nd5 Rxe1 41. Rxe1 Nc6 42. Rb1 Ke6 43. Nf4+ Kd7 44. Bb6 Be5 0-1

[Event "Speed Chess (Women) Q1"]
[Site "Chess.com INT"]
[Date "2022.05.25"]
[Round "12"]
[White "Nechaeva, Marina"]
[Black "Sviridova, Vlada"]
[Result "1-0"]
[WhiteElo "2365"]
[BlackElo "2144"]
[PlyCount "71"]
[EventDate "2022.05.24"]
[EventType "swiss (blitz)"]
[EventRounds "14"]
[EventCountry "USA"]
[SourceTitle "CBM 208 Extra"]
[Source "ChessBase"]
[SourceDate "2022.07.31"]
[SourceVersion "1"]
[SourceVersionDate "2022.07.31"]
[SourceQuality "1"]

1. d4 d5 2. Nf3 Nf6 3. Bf4 c5 4. e3 Nc6 5. Nbd2 e6 6. c3 Bd6 7. Bg3 0-0 8. Bd3 b6 9. Qe2 Bb7 10. e4 Be7 11. e5 Nh5 12. h4 Nxg3 13. fxg3 cxd4 14. cxd4 Qc7 15. a3 f5 16. 0-0 a6 17. Rac1 Qd7 18. Qe3 Nd8 19. Ng5 Nf7 20. Nxf7 Rxf7 21. Nf3 h6 22. Qf4 Raf8 23. Rc3 Bd8 24. Rfc1 Qe7 25. h5 Qe8 26. R1c2 Qe7 27. g4 fxg4 28. Qxg4 Rxf3 29. gxf3 Qg5 30. Qxg5 hxg5 31. Kg2 Rf4 32. Bg6 Kf8 33. Rc7 Bxc7 34. Rxc7 g4 35. Rxb7 gxf3+ 36. Kf2 1-0

[Event "Titled Tuesday intern op 22nd Feb Early"]
[Site "Chess.com INT"]
[Date "2022.02.22"]
[Round "9"]
[White "Ginzburg, Yakov"]
[Black "Sviridova, Vlada"]
[Result "1-0"]
[WhiteElo "2405"]
[BlackElo "2144"]
[PlyCount "89"]
[EventDate "2022.02.22"]
[EventType "swiss (blitz)"]
[EventRounds "11"]
[EventCountry "USA"]
[SourceTitle "CBM 207 Extra"]
[Source "ChessBase"]
[SourceDate "2022.05.31"]
[SourceVersion "1"]
[SourceVersionDate "2022.05.31"]
[SourceQuality "1"]

1. e4 e6 2. d4 d5 3. Nc3 Bb4 4. Nge2 dxe4 5. a3 Bxc3+ 6. Nxc3 Nc6 7. Bb5 Nge7 8. Bg5 f6 9. Be3 0-0 10. f3 exf3 11. gxf3 Nd5 12. Nxd5 Qxd5 13. Be2 Rd8 14. c3 Ne7 15. Rg1 Nf5 16. Bf2 b5 17. Qc2 a5 18. 0-0-0 Ba6 19. Kb1 a4 20. Bd3 Qxf3 21. Be4 Qf4 22. Bxa8 Rxa8 23. d5 Bb7 24. Bg3 Nxg3 25. hxg3 Qg4 26. Rd4 Qh3 27. Rh4 Qf5 28. Qxf5 exf5 29. Rd1 Rd8 30. c4 bxc4 31. Rxc4 Bxd5 32. Rxc7 Be4+ 33. Kc1 Rb8 34. Rdd7 Rb3 35. Rxg7+ Kf8 36. Rxh7 Kg8 37. Rcg7+ Kf8 38. Ra7 Kg8 39. Rhc7 Rb8 40. Rxa4 Rd8 41. g4 Kf8 42. gxf5 Bxf5 43. Rh4 Kg8 44. Rf4 Rd5 45. Rb4 1-0

[Event "Titled Tuesday intern op 22nd Feb Early"]
[Site "Chess.com INT"]
[Date "2022.02.22"]
[Round "8"]
[White "Mirzanurov, Bulat"]
[Black "Sviridova, Vlada"]
[Result "0-1"]
[WhiteElo "2199"]
[BlackElo "2144"]
[PlyCount "31"]
[EventDate "2022.02.22"]
[EventType "swiss (blitz)"]
[EventRounds "11"]
[EventCountry "USA"]
[SourceTitle "CBM 207 Extra"]
[Source "ChessBase"]
[SourceDate "2022.05.31"]
[SourceVersion "1"]
[SourceVersionDate "2022.05.31"]
[SourceQuality "1"]

1. e4 e6 2. d4 d5 3. Nc3 Bb4 4. e5 c5 5. a3 Bxc3+ 6. bxc3 Ne7 7. Qg4 0-0 8. Bd3 Nbc6 9. Bh6 Ng6 10. Bxg6 fxg6 11. Bg5 Qa5 12. Bd2 Qa4 13. Ra2 cxd4 14. Nf3 Qc4 15. Ra1 dxc3 16. Qf4 0-1

[Event "Titled Tuesday intern op 22nd Feb Early"]
[Site "Chess.com INT"]
[Date "2022.02.22"]
[Round "7"]
[White "Sviridova, Vlada"]
[Black "Novikov, Evgenij"]
[Result "0-1"]
[WhiteElo "2144"]
[BlackElo "2276"]
[PlyCount "70"]
[EventDate "2022.02.22"]
[EventType "swiss (blitz)"]
[EventRounds "11"]
[EventCountry "USA"]
[SourceTitle "CBM 207 Extra"]
[Source "ChessBase"]
[SourceDate "2022.05.31"]
[SourceVersion "1"]
[SourceVersionDate "2022.05.31"]
[SourceQuality "1"]

1. d4 Nf6 2. c4 g6 3. Nc3 Bg7 4. e4 0-0 5. Nf3 d6 6. Be2 e5 7. 0-0 Nc6 8. d5 Ne7 9. Ne1 a5 10. Be3 Nd7 11. f3 f5 12. Nd3 b6 13. a3 Nc5 14. b4 axb4 15. axb4 Rxa1 16. Qxa1 Nb3 17. Qa7 Bd7 18. c5 bxc5 19. bxc5 Qb8 20. c6 Qxa7 21. Bxa7 Bc8 22. Nb5 Nd2 23. Rd1 fxe4 24. fxe4 Nxe4 25. Nxc7 Nc3 26. Re1 Ncxd5 27. Nb5 Nxc6 28. Bf3 Ndb4 29. Nxb4 Nxb4 30. Nxd6 Ba6 31. Bc5 Nd3 32. Bd5+ Kh8 33. Ra1 Nxc5 34. Ra5 e4 35. h4 Bd4+ 0-1

[Event "Titled Tuesday intern op 28th Dec"]
[Site "Chess.com INT"]
[Date "2021.12.28"]
[Round "5"]
[White "Cramling Bellon, Anna"]
[Black "Sviridova, Vlada"]
[Result "1-0"]
[WhiteElo "2057"]
[BlackElo "2144"]
[PlyCount "121"]
[EventDate "2021.12.28"]
[EventType "swiss (blitz)"]
[EventRounds "11"]
[EventCountry "USA"]
[SourceTitle "CBM 206 Extra"]
[Source "ChessBase"]
[SourceDate "2022.03.31"]
[SourceVersion "1"]
[SourceVersionDate "2022.03.31"]
[SourceQuality "1"]

1. d4 d5 2. c4 c6 3. Nf3 Nf6 4. Nc3 dxc4 5. a4 Bf5 6. Nh4 e6 7. Nxf5 exf5 8. e3 Bb4 9. Bxc4 0-0 10. 0-0 Nbd7 11. Qf3 Nb6 12. Bd3 g6 13. Bd2 a5 14. Rfd1 Nbd5 15. Nxd5 Nxd5 16. e4 fxe4 17. Bxe4 Bxd2 18. Rxd2 Qg5 19. Re2 Rad8 20. Bxd5 Rxd5 21. Re4 Qd2 22. Qc3 Qxc3 23. bxc3 Rfd8 24. Re7 R8d7 25. Rxd7 Rxd7 26. Rb1 Kf8 27. Kf1 Ke7 28. Ke2 Kd6 29. Kd3 Kc7 30. Kc4 Re7 31. Rb2 Re1 32. f3 h5 33. Kd3 Ra1 34. Re2 Rxa4 35. Re7+ Kb6 36. Rxf7 Ra2 37. d5 Rxg2 38. dxc6 bxc6 39. h4 g5 40. Rg7 Rg3 41. Rxg5 Rxf3+ 42. Kc2 a4 43. Rxh5 Rf2+ 44. Kb1 a3 45. Rh8 Kb5 46. Rb8+ Ka4 47. Ra8+ Kb3 48. Rb8+ Kxc3 49. Ra8 Rb2+ 50. Ka1 Kb3 51. Rb8+ Kc2 52. Ra8 Rb3 53. Ka2 Rh3 54. Rxa3 Rxh4 55. Ra6 c5 56. Rc6 c4 57. Ka3 c3 58. Ka2 Kd2 59. Rd6+ Kc1 60. Rc6 c2 61. Rf6 1-0

[Event "Titled Tuesday intern op 28th Dec"]
[Site "Chess.com INT"]
[Date "2021.12.28"]
[Round "3"]
[White "Dias, Joao Batista de Sou"]
[Black "Sviridova, Vlada"]
[Result "0-1"]
[WhiteElo "1838"]
[BlackElo "2144"]
[PlyCount "172"]
[EventDate "2021.12.28"]
[EventType "swiss (blitz)"]
[EventRounds "11"]
[EventCountry "USA"]
[SourceTitle "CBM 206 Extra"]
[Source "ChessBase"]
[SourceDate "2022.03.31"]
[SourceVersion "1"]
[SourceVersionDate "2022.03.31"]
[SourceQuality "1"]

1. e4 e6 2. d4 d5 3. Nc3 Bb4 4. a3 Bxc3+ 5. bxc3 dxe4 6. Qg4 Nf6 7. Qxg7 Rg8 8. Qh6 c5 9. Bb2 cxd4 10. cxd4 Qa5+ 11. Qd2 Qxd2+ 12. Kxd2 Bd7 13. Ne2 Bc6 14. Ng3 h5 15. h4 Ng4 16. Ke1 e3 17. f3 Nf2 18. Ne4 Bxe4 19. fxe4 Nxh1 20. Bb5+ Nd7 21. Ke2 a6 22. Bxd7+ Kxd7 23. Rxh1 Rxg2+ 24. Kxe3 Rxc2 25. Rb1 Rg8 26. d5 Rg3+ 27. Kd4 Rd2+ 28. Ke5 Ke7 29. dxe6 f6+ 30. Kf4 Rg4+ 31. Ke3 Rh2 32. Bc3 b5 33. Rf1 Rh3+ 34. Kd4 Kxe6 35. Ba1 Rhxh4 36. Kc5 Rxe4 37. Rxf6+ Kd7 38. Rxa6 Ra4 39. Rd6+ Kc8 40. Rc6+ Kb7 41. Rb6+ Ka7 42. Rxb5 Rxa3 43. Bd4 Rd3 44. Bf2 Rf4 45. Rb2 Rdf3 46. Bd4 Rd3 47. Bg1 Rc3+ 48. Kd5+ Ka6 49. Rb6+ Ka5 50. Rb8 h4 51. Bb6+ Ka4 52. Ra8+ Kb3 53. Ba5 Rd3+ 54. Ke5 Rc4 55. Rb8+ Kc2 56. Rh8 h3 57. Be1 Kd1 58. Bh4 Ke2 59. Bg5 Kf3 60. Rxh3+ Ke2 61. Rxd3 Kxd3 62. Kf5 Rc5+ 63. Kf4 Rc8 64. Ke5 Rc5+ 65. Kf4 Ke2 66. Bf6 Rc4+ 67. Ke5 Ke3 68. Kd5 Rg4 69. Bb2 Kd3 70. Ke5 Rg5+ 71. Kf4 Rb5 72. Be5 Rb4+ 73. Kf5 Ke3 74. Ke6 Rb5 75. Kd6 Ke4 76. Bc3 Rd5+ 77. Ke6 Rd8 78. Ke7 Rc8 79. Bf6 Rc6 80. Bb2 Kf5 81. Kd7 Ra6 82. Bc3 Ke4 83. Bb2 Kd5 84. Bc3 Ra7+ 85. Kc8 Kd6 86. Bd4 Rd7 0-1

[Event "Titled Tuesday intern op 28th Dec"]
[Site "Chess.com INT"]
[Date "2021.12.28"]
[Round "11"]
[White "Grineva, Marianna"]
[Black "Sviridova, Vlada"]
[Result "0-1"]
[WhiteElo "1973"]
[BlackElo "2144"]
[PlyCount "104"]
[EventDate "2021.12.28"]
[EventType "swiss (blitz)"]
[EventRounds "11"]
[EventCountry "USA"]
[SourceTitle "CBM 206 Extra"]
[Source "ChessBase"]
[SourceDate "2022.03.31"]
[SourceVersion "1"]
[SourceVersionDate "2022.03.31"]
[SourceQuality "1"]

1. e4 e6 2. d4 d5 3. Nd2 c5 4. Ngf3 cxd4 5. exd5 Qxd5 6. Bc4 Qd7 7. 0-0 Nc6 8. Nb3 a6 9. Nbxd4 Nxd4 10. Nxd4 Qc7 11. b3 Bd6 12. Nf3 Ne7 13. Bb2 0-0 14. Qd4 Nf5 15. Qg4 f6 16. Rad1 Kh8 17. Rfe1 e5 18. Qe4 Ne7 19. Nh4 Rb8 20. Bd3 f5 21. Qe2 e4 22. Bc4 b5 23. Bd5 Nxd5 24. Rxd5 Bxh2+ 25. Kh1 Be6 26. Rdd1 Be5 27. Bxe5 Qxe5 28. Qh5 Kg8 29. Rd2 Rbd8 30. Red1 Qf6 31. g3 Rxd2 32. Rxd2 g5 33. Ng2 Rd8 34. Qd1 Rxd2 35. Qxd2 Kg7 36. Ne3 f4 37. gxf4 gxf4 38. Ng2 f3 39. Nf4 Qh4+ 40. Kg1 Qg4+ 41. Kf1 Bf7 42. Qd4+ Kg8 43. Qxe4 h5 44. Qe5 h4 45. Qb8+ Kh7 46. Qe5 h3 47. Qf6 Kg8 48. Ke1 h2 49. Qd8+ Kg7 50. Qd4+ Kh7 51. Qe4+ Kg8 52. Qa8+ Kg7 0-1

[Event "Titled Tuesday intern op 28th Dec"]
[Site "Chess.com INT"]
[Date "2021.12.28"]
[Round "6"]
[White "Makhmudov, Shukhrat"]
[Black "Sviridova, Vlada"]
[Result "0-1"]
[WhiteElo "2115"]
[BlackElo "2144"]
[PlyCount "108"]
[EventDate "2021.12.28"]
[EventType "swiss (blitz)"]
[EventRounds "11"]
[EventCountry "USA"]
[SourceTitle "CBM 206 Extra"]
[Source "ChessBase"]
[SourceDate "2022.03.31"]
[SourceVersion "1"]
[SourceVersionDate "2022.03.31"]
[SourceQuality "1"]

1. e4 e6 2. Nf3 d5 3. e5 c5 4. b4 cxb4 5. a3 Nc6 6. axb4 Bxb4 7. c3 Be7 8. d4 f6 9. Bb5 Bd7 10. 0-0 f5 11. Bd3 Nh6 12. Bxh6 gxh6 13. Nfd2 0-0 14. Qh5 Rf7 15. f4 Bf8 16. Rf3 Qe7 17. Na3 a6 18. Nb5 Rg7 19. Nd6 Bc8 20. Nb3 Rg6 21. Nc5 Qg7 22. Ra2 b6 23. Ne8 Qf7 24. Nf6+ Rxf6 25. Rg3+ Kh8 26. Qh4 Rg6 27. Nxa6 Bxa6 28. Rxa6 Rxa6 29. Bxa6 Rxg3 30. hxg3 Qg7 31. Be2 Be7 32. Qh5 Qf8 33. Bb5 Na5 34. Bd7 Qg8 35. Kh2 Nc4 36. Qxh6 Ne3 37. Qxe6 Qxe6 38. Bxe6 Kg7 39. Kg1 Kf8 40. Kf2 Nd1+ 41. Ke2 Nxc3+ 42. Kd3 Ne4 43. Bxf5 Nxg3 44. Bxh7 Kg7 45. f5 Kxh7 46. f6 Bxf6 47. exf6 Kg6 48. Kc3 Kxf6 49. Kb4 Ne4 50. Kb5 Kf5 51. Kc6 Nc3 52. Kxb6 Kf4 53. Kc5 Kg3 54. Kb4 Ne4 0-1

[Event "Titled Tuesday intern op 28th Dec"]
[Site "Chess.com INT"]
[Date "2021.12.28"]
[Round "1"]
[White "Sviridova, Vlada"]
[Black "Atabayev, Saparmyrat"]
[Result "1/2-1/2"]
[WhiteElo "2144"]
[BlackElo "2425"]
[PlyCount "143"]
[EventDate "2021.12.28"]
[EventType "swiss (blitz)"]
[EventRounds "11"]
[EventCountry "USA"]
[SourceTitle "CBM 206 Extra"]
[Source "ChessBase"]
[SourceDate "2022.03.31"]
[SourceVersion "1"]
[SourceVersionDate "2022.03.31"]
[SourceQuality "1"]

1. d4 Nf6 2. c4 e6 3. Nf3 d5 4. Nc3 c5 5. cxd5 exd5 6. g3 Nc6 7. Bg2 Bg4 8. dxc5 Bxc5 9. 0-0 0-0 10. Bg5 Be7 11. Bxf6 Bxf6 12. Nxd5 Bxb2 13. Rb1 Ba3 14. Rxb7 Qd6 15. Ne3 Bc8 16. Rb3 Ba6 17. Qxd6 Bxd6 18. Nf5 Rad8 19. Nxd6 Rxd6 20. Re1 g6 21. h4 Bc4 22. Ra3 Rfd8 23. e3 a5 24. Rc1 Rd1+ 25. Rxd1 Rxd1+ 26. Kh2 Bd5 27. Ng5 Bxg2 28. Kxg2 Rd2 29. Ne4 Rb2 30. g4 h6 31. g5 hxg5 32. hxg5 Kf8 33. Nf6 Ke7 34. Rc3 Kd6 35. a3 Ne5 36. Ne4+ Kd5 37. Nf6+ Ke6 38. Kg3 a4 39. f4 Rb3 40. Rc5 Rxe3+ 41. Kf2 Rf3+ 42. Ke2 Rxf4 43. Ra5 Rc4 44. Ra6+ Kf5 45. Ra5 Kf4 46. Nd5+ Ke4 47. Nb6 Rc2+ 48. Kd1 Ra2 49. Rxa4+ Kd3 50. Kc1 Nf3 51. Nd5 Rg2 52. Rf4 Nd4 53. a4 Ne2+ 54. Kb1 Rg1+ 55. Ka2 Nxf4 56. Nxf4+ Kc3 57. a5 Rf1 58. Nd5+ Kc4 59. Ne3+ Kc5 60. Nxf1 Kb5 61. Ng3 Kxa5 62. Kb3 Kb5 63. Kc3 Kc5 64. Ne4+ Kd5 65. Kd3 Ke5 66. Ke3 Kf5 67. Kf3 Ke5 68. Ng3 f6 69. gxf6 Kxf6 70. Kg4 g5 71. Ne4+ Kg6 72. Nxg5 1/2-1/2

[Event "Motiva Online Blitz (Women)"]
[Site "Chess.com INT"]
[Date "2021.12.18"]
[Round "8"]
[White "Alavi, Homa"]
[Black "Sviridova, Vlada"]
[Result "0-1"]
[WhiteElo "2003"]
[BlackElo "2144"]
[PlyCount "64"]
[EventDate "2021.12.18"]
[EventType "swiss (blitz)"]
[EventRounds "13"]
[EventCountry "USA"]
[SourceTitle "CBM 205 Extra"]
[Source "ChessBase"]
[SourceDate "2022.01.31"]
[SourceVersion "1"]
[SourceVersionDate "2022.01.31"]
[SourceQuality "1"]

1. d4 d5 2. Nf3 Nf6 3. Bf4 c5 4. c3 Nc6 5. e3 e6 6. Bd3 Bd6 7. Nbd2 Bxf4 8. exf4 Qc7 9. g3 Bd7 10. Rc1 cxd4 11. cxd4 Qb6 12. Nb3 Nb4 13. Bb1 Bb5 14. Nc5 0-0 15. a4 Ba6 16. Ne5 Rfd8 17. Nxa6 Qxa6 18. Qe2 Qxa4 19. 0-0 Rac8 20. g4 Nc6 21. g5 Nxe5 22. gxf6 Ng6 23. f5 Rxc1 24. Rxc1 exf5 25. Qd3 gxf6 26. Rc7 Rd7 27. Rc8+ Kg7 28. Qxf5 Qd1+ 29. Kg2 Re7 30. Qc2 Qg4+ 31. Kf1 Qh3+ 32. Kg1 Re1# 0-1

[Event "Motiva Online Blitz (Women)"]
[Site "Chess.com INT"]
[Date "2021.12.18"]
[Round "10"]
[White "Danielian, Elina"]
[Black "Sviridova, Vlada"]
[Result "1-0"]
[WhiteElo "2441"]
[BlackElo "2144"]
[PlyCount "43"]
[EventDate "2021.12.18"]
[EventType "swiss (blitz)"]
[EventRounds "13"]
[EventCountry "USA"]
[SourceTitle "CBM 205 Extra"]
[Source "ChessBase"]
[SourceDate "2022.01.31"]
[SourceVersion "1"]
[SourceVersionDate "2022.01.31"]
[SourceQuality "1"]

1. d4 d5 2. Bf4 c5 3. e4 dxe4 4. d5 Nf6 5. Nc3 a6 6. Qe2 b5 7. 0-0-0 Qa5 8. Kb1 Bf5 9. f3 exf3 10. gxf3 g6 11. Qe3 Nbd7 12. Nge2 Bg7 13. Ng3 0-0 14. Nxf5 gxf5 15. Rg1 Kh8 16. Bh3 b4 17. Ne2 Nb6 18. Rxg7 Kxg7 19. Be5 Nc4 20. Qg5+ Kh8 21. Bxf6+ exf6 22. Qxf6+ 1-0